000 00579nam a2200241Ia 4500
005 20260306145944.0
008 008 260114s9999 xx 000 0 eng d
020 _a9780889774810
037 _aEbook
040 _aCRL
040 _beng
040 _cCRL
041 _2eng
041 _aeng
084 _qCRL
245 0 _aAaniiih / Gros Ventre Stories
260 _bUniversity of Regina Press
260 _c2017
650 _aLinguistics and Semiotics
856 _uhttps://www.degruyter.com/isbn/9780889774810
942 _cEBOOK
999 _c1692518
_d1692518